| 000 | 00572nam a2200205Ia 4500 | ||
|---|---|---|---|
| 003 | GCL | ||
| 008 | 140319s9999 xx 000 0 ara d | ||
| 040 |
_aGCL / _cGCL |
||
| 082 | 0 | 4 |
_a332 _bع م |
| 100 | 1 | _aعبدالغفار حنفى | |
| 245 | 1 | 0 |
_aمذكرات فى الاسواق والمؤسسات المالية / _cعبدالغفار حنفى |
| 700 | 1 | _aرسمية قرياقص | |
| 300 | _a472 ص | ||
| 490 | _a | ||
| 650 | 0 | 4 | _aالاقتصاد |
| 650 | 0 | 4 | _aالتجارة |
| 650 | 0 | 4 | _aالاستثمار |
| 650 | 0 | 4 | _aالاسواق |
| 942 |
_2ddc _cBK |
||
| 999 |
_c41752 _d41752 |
||